| 000 | 00604nam a2200205 a 4500 | ||
|---|---|---|---|
| 005 | 20140310183315.0 | ||
| 008 | 051025s19uu xx 00 eng d | ||
| 050 |
_aP 95.82.P6 _b.M43 2000 |
||
| 245 | _aThe media and peace reporting / | ||
| 260 |
_aPhilippines : _bCenter for Media Freedom & Responsibilty, _c2000. |
||
| 300 |
_a307 p. : _c25 cm. |
||
| 521 | _aMC | ||
| 650 |
_aMass media _xPolitical aspects. |
||
| 650 |
_aGovernment and the Press _xPhilippines. |
||
| 650 |
_aPress and Politics _xPhilippines. |
||
| 942 |
_cBK _2lcc _kLOC |
||
| 999 |
_c21259 _d21259 |
||